A idade do lobo (Record no. 60394)

MARC details
000 -LÍDER
campo de controle de tamanho fixo 00343 a2200157 4500
001 - NÚMERO DE CONTROLE
campo de controle 60394
020 ## - ISBN - INTERNATIONAL STANDARD BOOK NUMBER
ISBN - International Standard Book Number 8572720472
040 ## - FONTE DA CATALOGAÇÃO
Instituição que transcreveu o registro Anchieta - Pituba
100 ## - ENTRADA PRINCIPAL--NOME PESSOAL
Nome pessoal Mardegan Júnior, Elyseu
240 10 - TÍTULO UNIFORME
Título uniforme A idade do lobo
Idioma da obra por
245 10 - TÍTULO
Título A idade do lobo
300 ## - DESCRIÇÃO FÍSICA
Extensão 102
362 0# - DATAS DE PUBLICAÇÃO E/OU DESIGNAÇÃO SEQUENCIAL
Datas de publicação e/ou designação sequencial 1993
650 #4 - ASSUNTO--TERMO TÓPICO
Cabeçalho tópico ou nome geográfico Psicologia dos adultos
942 ## - ELEMENTOS DE ENTRADA ADICIONADOS (KOHA)
Tipo de material Koha Livros
Holdings
Situação do descarte Situação das perdas Situação física Não pode ser emprestado Biblioteca de origem Biblioteca atual Data de aquisição Total de empréstimos Código de barras Data de último acesso Data do preço efetivo Tipo de material Koha
        Colégio Anchieta - Pituba Colégio Anchieta - Pituba 21/11/2023   12094/PIT 21/11/2023 21/11/2023 Livros